Ajánljon ön is jelölteket a Karikó Katalin által alapított JATE-díjra!

Elmentve itt :
Bibliográfiai részletek
További közreműködők: Frank Yvette
Dokumentumtípus: Cikk
Megjelent: 2025-04-18
Sorozat:Szegedinap.hu
Kulcsszavak:SZTE Nemzetközi és Közkapcsolati Igazgatóság - NKI, Kitüntetés - JATE-díj, Felhívás, Alapító - JATE-díj - Volt egyetemi hallgató - Karikó Katalin - Nobel-díjas biokémikus - egyetemi tanár - Adjunct Professor of Neurosurgery, Természettudományi és Informatikai Kar - TTIK, University of Pennsylvania - USA, Kutatás - mRNS-technológia, Rendezvénysorozat - Szegedi Tudományegyetem Napja - Egyetem Napja - 2025
Online Access:http://univ.bibl.u-szeged.hu/74096
LEADER 01003nab a2200169 i 4500
001 univ74096
005 20250422095019.0
008 250422s2025 hu o 000 hun d
040 |a SZTE UnivHistória Repozitórium  |b hun 
041 |a hun 
245 0 0 |a Ajánljon ön is jelölteket a Karikó Katalin által alapított JATE-díjra!  |h [elektronikus dokumentum] 
260 |c 2025-04-18 
490 0 |a Szegedinap.hu 
561 |a Karikó Katalin sajtóarchívum 
695 |a SZTE Nemzetközi és Közkapcsolati Igazgatóság - NKI, Kitüntetés - JATE-díj, Felhívás, Alapító - JATE-díj - Volt egyetemi hallgató - Karikó Katalin - Nobel-díjas biokémikus - egyetemi tanár - Adjunct Professor of Neurosurgery, Természettudományi és Informatikai Kar - TTIK, University of Pennsylvania - USA, Kutatás - mRNS-technológia, Rendezvénysorozat - Szegedi Tudományegyetem Napja - Egyetem Napja - 2025 
700 0 1 |a Frank Yvette 
856 4 0 |u http://univ.bibl.u-szeged.hu/74096/1/Szegedi%20Nap_02.pdf  |z Dokumentum-elérés